000 00350nam a22001457a 4500
008 230523b |||||||| |||| 00| 0 eng d
020 _a9789391211264
100 _aD. F. Mulla
245 _aMullas Principles of Mohomedan Law
250 _a23rd Ed.
260 _aHaryana
_bLN Pub.
_c2022
300 _a872
546 _aEnglish
942 _2ddc
_cBK
999 _c20030
_d20030